John Steinbeck's vision of man and nature / (Record no. 41942)

MARC details
000 -LEADER
fixed length control field 00712nam a22002177a 4500
005 - DATE AND TIME OF LATEST TRANSACTION
control field 20100814150446.0
010 ## - LCCN (DPL NO)
LC control number ENG-100494
020 ## - INTERNATIONAL STANDARD BOOK NUMBER
Terms of availability 70.00
International Standard Book Number 9789380406190
035 ## - SYSTEM CONTROL NUMBER
System control number EN-84027
037 ## - SOURCE OF ACQUISITION
Source of stock number/acquisition DBAD/PUB
082 ## - DEWEY DECIMAL CLASSIFICATION NUMBER
Classification number 150
100 ## - MAIN ENTRY--PERSONAL NAME
Personal name Raj, P.Nelson
245 ## - TITLE STATEMENT
Title John Steinbeck's vision of man and nature /
Statement of responsibility, etc by P.Nelson Raj
260 ## - PUBLICATION, DISTRIBUTION, ETC. (IMPRINT)
Place of publication, distribution, etc Erode
Name of publisher, distributor, etc Pallavi Publications
Date of publication, distribution, etc 2009
270 ## - ADDRESS
Address 194, Kanna Complex, Mettur Road
City Erode
Postal code 11
300 ## - PHYSICAL DESCRIPTION
Extent 82p.
Dimensions 21cm (pbk)
500 ## - GENERAL NOTE
General note includes bibliographical references
700 ## - ADDED ENTRY--PERSONAL NAME
9 (RLIN) 13414
942 ## - ADDED ENTRY ELEMENTS (KOHA)
Source of classification or shelving scheme Dewey Decimal Classification
Item type English Books
Classification part 150
Call number suffix RAJ
Holdings
Withdrawn status Lost status Not for loan Collection code Home library Current library Date acquired Source of acquisition Cost, normal purchase price Full call number Barcode Copy number Cost, replacement price Koha item type
    Not For Loan Non-fiction D.B.Act.Division D.B.Act.Division 14/08/2010 DBAD/PUB 70.00 150 RAJ EN-84027 1 70.00 English Books

© Delhi Public Library
Hit Counter
free hit counter